| 000 | 00528nam a22001817a 4500 | ||
|---|---|---|---|
| 999 |
_c190594 _d190594 |
||
| 005 | 20220728170855.0 | ||
| 010 | _aENG-134084 | ||
| 020 |
_a9789382381860 _c650.00 |
||
| 035 | _aEN-117616 | ||
| 037 | _bDBAB/PUB | ||
| 082 | _a721.0288 | ||
| 245 |
_aSangin Beg Sair-ul-Manazil/ _cEdited by Swapna Liddle |
||
| 260 |
_aNew Delhi _bTulika Books _c2017 |
||
| 270 |
_a44 First Floor, Shahpur Jat _bNew Delhi _e110049 |
||
| 300 |
_a172p. _c25cm(hb) |
||
| 700 | _aLiddle, Swapna | ||
| 942 |
_2ddc _cEN _h721.0288 _mSAN |
||